Phân tích hiệu quả sản xuất của nông hộ ứng dụng mô hình "1 phải 5 giảm" tại huyện Cần Đước, tỉnh Long An (Luận văn tốt nghiệp thạc sĩ. Ngành: kinh tế nông nghiệp)

Guardat en:
Dades bibliogràfiques
Autor principal: Nguyễn, Thị Phương Yến
Format: Llibre
Idioma:Undetermined
Publicat: Cần Thơ Đại Học Cần Thơ 2014
Matèries:
Etiquetes: Afegir etiqueta
Sense etiquetes, Sigues el primer a etiquetar aquest registre!
Thư viện lưu trữ: Trung tâm Học liệu Trường Đại học Cần Thơ
LEADER 00949nam a2200217Ia 4500
001 CTU_198008
008 210402s9999 xx 000 0 und d
082 |a 338.16 
082 |b Y603 
088 |a 60620115 
100 |a Nguyễn, Thị Phương Yến 
245 0 |a Phân tích hiệu quả sản xuất của nông hộ ứng dụng mô hình "1 phải 5 giảm" tại huyện Cần Đước, tỉnh Long An 
245 0 |b (Luận văn tốt nghiệp thạc sĩ. Ngành: kinh tế nông nghiệp) 
245 0 |c Nguyễn Thị Phương Yến ; Nguyễn Văn Sánh (cán bộ hướng dẫn) 
260 |a Cần Thơ 
260 |b Đại Học Cần Thơ 
260 |c 2014 
650 |a Kinh tế nông nghiệp,Agriculture 
650 |x Economic aspects 
910 |a Nguyên (Nguyễn Lê Phương Thảo) 
980 |a Trung tâm Học liệu Trường Đại học Cần Thơ